00569cam a22001931i 450000100100000000500170001000800410002702000150006804000250008308200190010810000170012724500630014426000370020730000210024449000270026565000310029265000250032383000270034800000939820200929161600.0770209s1986 sp 000 0 spa  a8432230316 aDO-SdBNPbspacBNPHU aA863.44bP979b1 aPuig, Manuel14aThe Buenos Aires affair :bnovela policial /cManuel Puig. aBarcelona :bSeix Barral,c1986. a222 p. ;c18 cm.1 aBiblioteca de bolsillo 4aNovela policiaca argentina 4aLiteratura argentina 0aBiblioteca de bolsillo